00359nam a2200121Ia 4500008004100000082001500041100001900056245005500075260003900130300001000169630001800179650004000197211109s9999||||xx |||||||||||||| ||und|| a920bGIB-M aGibbon, Edward 0aMemoris of the Life Of- By Himself- Ed By George b bNATIONAL BOOKSTALLaKottayamc1900 a360p. xGeneral Stack aBiographyxBiography- Autobiography